00384nam a2200109 i 4500001000300000245009500003260002100098040000800119041000800127008004100135856009800176bg 0aMateriały z II [drugiej] Szkoły Obróbki Ściernej, Koszalin-Cetuń, wrzesień 1979. aKoszalin,c1980. cBPK apol s pl f |000 0 pol  uhttp://koha.tu.koszalin.pl/cgi-bin/koha/opac-detail.pl?biblionumber=20267yKatalog online BPK